LEADER 01933nam 22003974a 450 001 9910137906303321 005 20230802002424.0 035 $a(CKB)3280000000013583 035 $a(MH)012565698-X 035 $a(EXLCZ)993280000000013583 100 $a20100723d2010 uy 0 101 0 $aita 200 02$aI feudi imperiali in Italia tra XV e XVIII secolo $eatti del convegno di studi, Albenga-Finale Ligure-Loano, 27-29 maggio 2004 /$fa cura di Cinzia Cremonini e Riccardo Musso$b[electronic resource] 210 $aBordighera $cIstituto internazionale di studi liguri ;$aRoma $cBulzoni$d2010 215 $a1 online resource (549 p. ) 225 1 $aBiblioteca del Cinquecento / "Europa delle Corti" Centro studi sulle società di antico regime ;$v146 225 1 $aAtti dei convegni / Istituto internazionale di studi liguri ;$v15 311 $a88-7870-484-9 320 $aIncludes bibliographical references and indexes. 410 0$aAtti dei convegni (Istituto internazionale i studi liguri) ;$v15. 410 0$aBiblioteca del Cinquecento ;$v146. 517 $aI Feudi imperiali in Italia tra XV e XVIII secolo 517 $aI feudi imperiali in Italia tra XV e XVIII secolo 607 $aItaly$xPolitics and government$y1268-1559$vCongresses 607 $aItaly$xPolitics and government$y1559-1789$vCongresses 701 $aCremonini$b Cinzia$0140454 701 $aMusso$b Riccardo$01022244 712 02$aIstituto internazionale di studi liguri. 801 0$bItFiC 801 1$bItFiC 801 2$bDLC 906 $aBOOK 912 $a9910137906303321 996 $aI feudi imperiali in Italia tra XV e XVIII secolo$92428052 997 $aUNINA 999 $aThis Record contains information from the Harvard Library Bibliographic Dataset, which is provided by the Harvard Library under its Bibliographic Dataset Use Terms and includes data made available by, among others the Library of Congress LEADER 00983nam0-2200265 --450 001 9911010679203321 005 20250630150247.0 100 $a20250630d2006----kmuy0itay5050 ba 101 0 $aita 102 $aIT 105 $a 001yy 200 1 $a<>azioni innovative del FSE in Italia 2000-2006$esostegno alla diffusione e al trasferimento dell'innovazione, complementarita tra il FSE e le azioni innovative (ex art. 6 FSE)$fISFOL 210 $a[Roma]$cIsfol$dstampa 2006 215 $a326 p.$d25 cm 225 1 $a<>libri del Fondo sociale europeo$v83 300 $aIn testa al front.: Unione europea, Fondo sociale europeo; Ministero del lavoro e della previdenza sociale. 710 02$aIsfol$0423065 712 02$aFondo sociale europeo 801 0$aIT$bUNINA$gREICAT$2UNIMARC 901 $aBK 912 $a9911010679203321 952 $aVII F 381$b51155*$fFGBC 959 $aFGBC 996 $aAzioni innovative del FSE in Italia 2000-2006$94400733 997 $aUNINA